000 00342 a2200145 4500
001 76247
020 _a978-85-7951-124-0
040 _cAnchieta - Colégio São Paulo
240 1 0 _aO Brasil indígena 2º ao 9º ano
_lpor
245 1 0 _aO Brasil indígena 2º ao 9º ano
300 _a112
362 0 _a2011
650 4 _aBrasil
942 _cBK
999 _c76247
_d76247